[Event "ARG-ch Amateur U1700"]
[Site "Suipacha"]
[Date "2019.11.15"]
[Round "1.1"]
[White "Sanchez Lodi, Lucas"]
[Black "Gonzalez Olguin, Ivan Matias"]
[Result "0-1"]
[WhiteElo "1510"]
[BlackElo "1697"]
[PlyCount "34"]
[EventDate "2019.11.15"]
[EventType "swiss"]
[EventRounds "8"]
[EventCountry "ARG"]
[SourceTitle "EXT 2024"]
[Source "ChessBase"]
[SourceDate "2023.10.10"]
[SourceVersion "1"]
[SourceVersionDate "2023.10.10"]
[SourceQuality "1"]

1. e4 e6 2. d4 d5 3. exd5 exd5 4. Nf3 Nf6 5. Be2 Be7 6. 0-0 0-0 7. c4 c6 8. Nc3 dxc4 9. Bxc4 b5 10. Be2 Qc7 11. Bg5 Nbd7 12. Rc1 a6 13. Qc2 Bb7 14. Bxf6 Nxf6 15. Ne4 Nxe4 16. Qxe4 Rae8 17. Qd3 Bc5 0-1